000
00335nam a2200133 4500
999
_c
11604
_d
11604
003
OSt
005
20230601175251.0
008
230601b ||||| |||| 00| 0 eng d
100
_a
Wolf von eckardt
245
_a
Eric Mendelsohn master of world architecture
260
_a
New York
_b
George braziller
300
_a
128p.;
942
_2
ddc